[Event "4. Kesarovski-Georgiev Memorial"]
[Site "Sunny Beach BUL"]
[Date "2005.09.20"]
[Round "5.25"]
[White "Jordanova, Svetla"]
[Black "Vasilev, Plamen"]
[Result "1-0"]
[WhiteElo "2179"]
[BlackElo "2011"]
[PlyCount "187"]
[EventDate "2005.09.16"]
[EventType "swiss"]
[EventRounds "9"]
[EventCountry "BUL"]
[Source "lmi"]
[SourceDate "2005.09.25"]

1. e4 e5 2. Nc3 Bc5 3. Nf3 d6 4. a3 a5 5. Bc4 Nf6 6. d4 exd4 7. Nxd4 Nc6 8. Be3
Nxd4 9. Bxd4 Bxd4 10. Qxd4 O-O 11. O-O Re8 12. f3 Be6 13. Rad1 Bxc4 14. Qxc4
Qd7 15. Rd2 Qc6 16. Qxc6 bxc6 17. b3 Nd7 18. a4 f6 19. Rfd1 Nc5 20. Ne2 Ne6 21.
Ng3 Rab8 22. Nf5 Nc5 23. Kf2 Kf7 24. Ne3 Nd7 25. Nc4 Ra8 26. h3 Ne5 27. Ne3 c5
28. Nd5 Ra7 29. Nc3 Nc6 30. Nb5 Rb7 31. Rxd6 Ne5 32. Ra6 c4 33. f4 Ng6 34. Rd7+
Kg8 35. Nd6 cxb3 36. cxb3 Nf8 37. Rxg7+ Kxg7 38. Nxb7 Rxe4 39. Kf3 Rd4 40. Ke3
Rb4 41. Nxa5 Ng6 42. Rc6 Nxf4 43. Rxc7+ Kg6 44. Kf3 Nd3 45. Rc3 Ne5+ 46. Ke2
Kg5 47. g3 h5 48. Rc5 h4 49. g4 Kf4 50. Rc3 Re4+ 51. Kf2 Rd4 52. Nc4 Nd3+ 53.
Ke2 Nc5 54. Ne3 Ne4 55. Ng2+ Ke5 56. Rc4 Ng3+ 57. Ke3 Rd1 58. Nxh4 Rb1 59. Ng6+
Kd5 60. Nf4+ Kd6 61. Rd4+ Kc6 62. Rc4+ Kd6 63. Rb4 Nf1+ 64. Kd3 Re1 65. Rb6+
Kc5 66. Rb5+ Kc6 67. Ne2 Rd1+ 68. Kc3 Ne3 69. Nd4+ Kc7 70. Nf5 Ng2 71. Kb4 Nf4
72. h4 Nd3+ 73. Ka5 Ne5 74. Rc5+ Kb7 75. Rb5+ Kc7 76. Rc5+ Kb7 77. Kb5 Nxg4 78.
a5 Ne5 79. a6+ Kb8 80. Ne7 Rd6 81. Rc8+ Ka7 82. Nc6+ Nxc6 83. Rxc6 Rd5+ 84. Rc5
Rd4 85. Rh5 Re4 86. Rh7+ Ka8 87. b4 f5 88. h5 f4 89. Rf7 Re5+ 90. Kb6 Re6+ 91.
Ka5 Re5+ 92. b5 Rxh5 93. Rxf4 Rh8 94. Rf5 1-0

[Event "4. Kesarovski-Georgiev Memorial"]
[Site "Sunny Beach BUL"]
[Date "2005.09.20"]
[Round "5.27"]
[White "Mahlev, Atanas"]
[Black "Sotirov, Nikolaj"]
[Result "0-1"]
[WhiteElo "2022"]
[BlackElo "2140"]
[PlyCount "76"]
[EventDate "2005.09.16"]
[EventType "swiss"]
[EventRounds "9"]
[EventCountry "BUL"]
[Source "lmi"]
[SourceDate "2005.09.25"]

1. Nf3 c5 2. c4 Nc6 3. Nc3 g6 4. b3 Bg7 5. Bb2 Nf6 6. g3 O-O 7. Bg2 e6 8. O-O
d5 9. d3 d4 10. Nb1 e5 11. Ng5 h6 12. Ne4 Nxe4 13. Bxe4 Be6 14. Nd2 Qd7 15. a3
a5 16. a4 Rae8 17. Ba3 b6 18. Bg2 Bh3 19. Qc2 Bxg2 20. Kxg2 f5 21. Rae1 Qe7 22.
f3 h5 23. Bc1 Bh6 24. Nb1 Nb4 25. Qb2 Bg7 26. Nd2 Qb7 27. Qb1 Bh6 28. Rh1 g5
29. Rhf1 g4 30. Rh1 Be3 31. Rhf1 Kg7 32. Rh1 Qc6 33. Rhf1 h4 34. Qb2 h3+ 35.
Kh1 e4 36. dxe4 fxe4 37. Nb1 exf3 38. exf3 Rxf3 0-1

[Event "4. Kesarovski-Georgiev Memorial"]
[Site "Sunny Beach BUL"]
[Date "2005.09.20"]
[Round "5.28"]
[White "Dojkova, Galina"]
[Black "Spasov, Aleksandar"]
[Result "1/2-1/2"]
[WhiteElo "2054"]
[BlackElo "2130"]
[PlyCount "32"]
[EventDate "2005.09.16"]
[EventType "swiss"]
[EventRounds "9"]
[EventCountry "BUL"]
[Source "lmi"]
[SourceDate "2005.09.25"]

1. e4 g6 2. d4 Bg7 3. f4 c6 4. c4 d6 5. Nc3 Qb6 6. d5 Nf6 7. Nf3 Bg4 8. Bd3 Na6
9. Qe2 O-O 10. Qf2 Qxf2+ 11. Kxf2 Nc5 12. Bc2 cxd5 13. exd5 Bf5 14. Bxf5 gxf5
15. Ke2 Rac8 16. Be3 Nce4 1/2-1/2

[Event "4. Kesarovski-Georgiev Memorial"]
[Site "Sunny Beach BUL"]
[Date "2005.09.20"]
[Round "5.32"]
[White "Georgiev, Steljan"]
[Black "Dikov, Dian"]
[Result "1/2-1/2"]
[WhiteElo "1944"]
[BlackElo "2068"]
[PlyCount "99"]
[EventDate "2005.09.16"]
[EventType "swiss"]
[EventRounds "9"]
[EventCountry "BUL"]
[Source "lmi"]
[SourceDate "2005.09.25"]

1. e4 c5 2. Nc3 e6 3. g3 a6 4. Bg2 Nc6 5. d3 d6 6. Be3 g6 7. Nge2 Bg7 8. Qd2
Qc7 9. Nd1 Nge7 10. Bh6 Kf8 11. h4 Ng8 12. Bxg7+ Kxg7 13. h5 h6 14. f4 Qe7 15.
hxg6 fxg6 16. Ne3 Nf6 17. O-O-O Bd7 18. g4 Raf8 19. Ng3 e5 20. f5 g5 21. Nd5
Qd8 22. Nxf6 Kxf6 23. Kb1 Qa5 24. c3 b5 25. Ne2 Rb8 26. b3 Be8 27. Rh2 Rb7 28.
Qb2 Qc7 29. d4 c4 30. Qd2 Rb6 31. Rdh1 Qg7 32. b4 Ke7 33. d5 Nb8 34. Qe3 Rb7
35. Ng3 Nd7 36. Bf3 Nf6 37. Be2 Bf7 38. Rh3 Rh7 39. Bf3 Ng8 40. Kb2 Kf6 41. Qe2
Be8 42. Nf1 Qc7 43. Nd2 a5 44. a3 axb4 45. axb4 Ra7 46. Qe3 Ra4 47. Bd1 Ra6 48.
Nb1 Qa7 49. Qxa7 Rhxa7 50. Bc2 1/2-1/2

[Event "4. Kesarovski-Georgiev Memorial"]
[Site "Sunny Beach BUL"]
[Date "2005.09.21"]
[Round "6.2"]
[White "Iotov, Valentin"]
[Black "Radulski, Julian"]
[Result "0-1"]
[WhiteElo "2447"]
[BlackElo "2502"]
[PlyCount "104"]
[EventDate "2005.09.16"]
[EventType "swiss"]
[EventRounds "9"]
[EventCountry "BUL"]
[Source "lmi"]
[SourceDate "2005.09.25"]

1. d4 Nf6 2. c4 d6 3. Nf3 Nbd7 4. Nc3 e5 5. Bg5 c6 6. e3 Be7 7. Qc2 a6 8. Be2
O-O 9. O-O b5 10. Rfd1 b4 11. dxe5 dxe5 12. Na4 Qa5 13. Bh4 Nc5 14. Nxc5 Qxc5
15. Nd2 Be6 16. Bd3 Bg4 17. Re1 g6 18. Nb3 Qb6 19. c5 Qc7 20. Qc4 Be6 21. Qxb4
a5 22. Qd2 a4 23. Nc1 Rfb8 24. Ne2 Qa5 25. Qxa5 Rxa5 26. Nc3 Rxb2 27. Bg3 Nd7
28. Be4 h5 29. h4 Rb4 30. Bxc6 Rxc5 31. Bxd7 Bxd7 32. a3 Rbc4 33. Na2 Bxh4 34.
Bxh4 Rxh4 35. e4 f5 36. exf5 Bxf5 37. Nb4 Rhc4 38. Re3 Kf7 39. Rae1 Kf6 40. Nd3
Bxd3 41. Rxd3 Rc1 42. Rxc1 Rxc1+ 43. Kh2 Ra1 44. Kg3 Rb1 45. Rd8 Rb3+ 46. f3
Rxa3 47. Rf8+ Ke7 48. Rg8 Kf7 49. Ra8 e4 50. Kf2 exf3 51. g3 Kf6 52. Ra5 g5 0-1

[Event "4. Kesarovski-Georgiev Memorial"]
[Site "Sunny Beach BUL"]
[Date "2005.09.21"]
[Round "6.3"]
[White "Janev, Evgeni"]
[Black "Chatalbashev, Boris"]
[Result "1/2-1/2"]
[WhiteElo "2460"]
[BlackElo "2499"]
[PlyCount "26"]
[EventDate "2005.09.16"]
[EventType "swiss"]
[EventRounds "9"]
[EventCountry "BUL"]
[Source "lmi"]
[SourceDate "2005.09.25"]

1. e4 c5 2. Nf3 d6 3. d4 cxd4 4. Nxd4 Nf6 5. Nc3 g6 6. f3 Bg7 7. Be3 Nc6 8. Qd2
O-O 9. O-O-O d5 10. Nxc6 bxc6 11. exd5 cxd5 12. Nxd5 Nxd5 13. Qxd5 Qc7 1/2-1/2

[Event "4. Kesarovski-Georgiev Memorial"]
[Site "Sunny Beach BUL"]
[Date "2005.09.21"]
[Round "6.5"]
[White "Todorov, Ognjan"]
[Black "Bojkov, Dejan"]
[Result "1/2-1/2"]
[WhiteElo "2335"]
[BlackElo "2522"]
[PlyCount "142"]
[EventDate "2005.09.16"]
[EventType "swiss"]
[EventRounds "9"]
[EventCountry "BUL"]
[Source "lmi"]
[SourceDate "2005.09.25"]

1. d4 Nf6 2. c4 g6 3. Nf3 Bg7 4. g3 d6 5. Bg2 c6 6. O-O O-O 7. b3 Qa5 8. Qd2
Qa6 9. Nc3 b5 10. cxb5 cxb5 11. Bb2 Bb7 12. Rfc1 b4 13. Na4 Qb5 14. Rc7 Re8 15.
e3 Na6 16. Rcc1 Ne4 17. Qe1 Rac8 18. Qf1 Qh5 19. h3 Nc7 20. g4 Qa5 21. Qd3 f5
22. gxf5 Qxf5 23. Rc2 Ba6 24. Qd1 Bf6 25. Rac1 Nd5 26. Rxc8 Bxc8 27. Qc2 Bb7
28. Nh2 Ndc3 29. Bxc3 bxc3 30. Ng4 Bg7 31. Qe2 h5 32. Nh2 Rc8 33. Nf3 Ng5 34.
Nh4 Qd7 35. Bxb7 Qxb7 36. Rxc3 Rf8 37. f4 Nxh3+ 38. Kh2 g5 39. Ng6 Rf5 40. Qxh5
Nf2 41. Rc8+ Rf8 42. Rxf8+ Bxf8 43. Qh8+ Kf7 44. Qxf8+ Kxg6 45. Qg8+ Kf5 46.
Qxg5+ Ke6 47. d5+ Kd7 48. Qg2 Nd3 49. Qe4 Nb4 50. Nc3 a5 51. a3 Na6 52. Qa4+
Kd8 53. Qxa5+ Nc7 54. b4 Ke8 55. Kg3 Kf7 56. Kf3 Qc8 57. Ne4 Qh3+ 58. Ng3 Ne8
59. Qb5 Nf6 60. Qd3 Qg4+ 61. Kf2 Qh4 62. Qf5 Qh2+ 63. Kf3 Qd2 64. Ne2 Qd1 65.
Kf2 Ke8 66. Qc8+ Kf7 67. Qe6+ Kf8 68. Qf5 Ke8 69. Qc8+ Kf7 70. Qe6+ Kf8 71. Qf5
Ke8 1/2-1/2

[Event "4. Kesarovski-Georgiev Memorial"]
[Site "Sunny Beach BUL"]
[Date "2005.09.21"]
[Round "6.7"]
[White "Vasilev, Milen"]
[Black "Orev, Petar"]
[Result "1-0"]
[WhiteElo "2419"]
[BlackElo "2222"]
[PlyCount "123"]
[EventDate "2005.09.16"]
[EventType "swiss"]
[EventRounds "9"]
[EventCountry "BUL"]
[Source "lmi"]
[SourceDate "2005.09.25"]

1. d4 Nc6 2. Bg5 f6 3. Bh4 e5 4. dxe5 Nxe5 5. e4 Ne7 6. Nc3 c6 7. Nf3 d6 8. Bg3
Be6 9. Nd4 Qd7 10. Nxe6 Qxe6 11. f4 Nf7 12. Be2 f5 13. Qd3 g6 14. O-O Bg7 15.
Bf3 fxe4 16. Nxe4 O-O 17. Rfe1 Nf5 18. Bf2 d5 19. Nc5 Qd6 20. Ne6 Rfe8 21. Nxg7
Nxg7 22. g3 Qb4 23. b3 a6 24. h4 Qd6 25. Kg2 h5 26. c4 dxc4 27. Qxc4 Nf5 28.
Rad1 Qf6 29. Qb4 N7d6 30. Bc5 Rxe1 31. Rxe1 Rd8 32. a4 Rd7 33. Re5 Nf7 34. Re2
N7d6 35. Qe1 Kf7 36. Re5 Rd8 37. Qe2 Rd7 38. b4 Rd8 39. Bxh5 gxh5 40. Qxh5+ Qg6
41. Qxg6+ Kxg6 42. g4 Nxh4+ 43. Kg3 Ndf5+ 44. gxf5+ Nxf5+ 45. Kg4 Nh6+ 46. Kf3
Nf5 47. a5 Kf6 48. Ke2 Nd4+ 49. Kf2 Ne6 50. Be3 Rd3 51. Rh5 Rb3 52. f5 Nf8 53.
Bd4+ Kf7 54. Rh8 Rd3 55. Rh4 Nd7 56. Ke2 Rb3 57. Rh7+ Ke8 58. f6 Rxb4 59. f7+
Kf8 60. Bg7+ Kxf7 61. Bc3+ Kg8 62. Rh8+ 1-0

[Event "4. Kesarovski-Georgiev Memorial"]
[Site "Sunny Beach BUL"]
[Date "2005.09.21"]
[Round "6.9"]
[White "Drenchev, Petar"]
[Black "Collas, Silvia"]
[Result "0-1"]
[WhiteElo "2412"]
[BlackElo "2372"]
[PlyCount "82"]
[EventDate "2005.09.16"]
[EventType "swiss"]
[EventRounds "9"]
[EventCountry "BUL"]
[Source "lmi"]
[SourceDate "2005.09.25"]

1. c4 c5 2. g3 g6 3. Bg2 Bg7 4. Nf3 Nc6 5. O-O Nf6 6. d4 cxd4 7. Nxd4 Nxd4 8.
Qxd4 d6 9. Nc3 O-O 10. Qd3 Nd7 11. b3 Nc5 12. Qd2 Be6 13. Bb2 a5 14. Nb5 Bxb2
15. Qxb2 Qd7 16. Rfd1 Bh3 17. Bxh3 Qxh3 18. Nc3 Qd7 19. Nd5 Ra6 20. Qd4 Ne6 21.
Qe3 Re8 22. h4 h5 23. Rd2 Nc7 24. Nc3 Qe6 25. Qf3 Rc6 26. Rad1 Qc8 27. Ne4 a4
28. Ng5 Qf5 29. Qe3 Qc8 30. Qf3 Qf5 31. Qg2 axb3 32. axb3 Ra8 33. Rd3 f6 34.
Ne4 Ra3 35. Nd2 Qg4 36. Re3 Kf7 37. Nb1 Ra1 38. Nc3 Rxd1+ 39. Nxd1 d5 40. Kh2
dxc4 41. Re4 Qd7 0-1

[Event "4. Kesarovski-Georgiev Memorial"]
[Site "Sunny Beach BUL"]
[Date "2005.09.21"]
[Round "6.10"]
[White "Bozov, Ahmet"]
[Black "Petrov, Marijan"]
[Result "1/2-1/2"]
[WhiteElo "2091"]
[BlackElo "2406"]
[PlyCount "100"]
[EventDate "2005.09.16"]
[EventType "swiss"]
[EventRounds "9"]
[EventCountry "BUL"]
[Source "lmi"]
[SourceDate "2005.09.25"]

1. e4 c5 2. Nf3 Nc6 3. d4 cxd4 4. Nxd4 Qb6 5. Nb3 Nf6 6. Nc3 e6 7. Be3 Qc7 8.
a3 a6 9. f4 d6 10. Be2 Be7 11. O-O O-O 12. g4 Nd7 13. g5 Re8 14. Bd3 Bf8 15.
Qh5 g6 16. Qh4 b5 17. Rf3 b4 18. axb4 Nxb4 19. Rh3 h5 20. gxh6 Kh7 21. f5 Ne5
22. fxg6+ fxg6 23. Rf1 Be7 24. Qe1 Bd7 25. Bd4 Rf8 26. Bxe5 dxe5 27. Rhf3 Rf4
28. Nd2 Raf8 29. Kh1 Qb8 30. Qa1 g5 31. h3 Qe8 32. Ne2 Qh5 33. Nxf4 exf4 34. b3
Rf7 35. Qd4 Bf8 36. e5+ Kxh6 37. Be4 Nc6 38. Bxc6 Bxc6 39. Ne4 g4 40. Rc3 Bd5
41. Kg1 Rg7 42. Rxf4 gxh3+ 43. Kf1 h2 44. Ng3 h1=Q+ 45. Nxh1 Qxh1+ 46. Ke2 Rg2+
47. Rf2 Qh5+ 48. Kd2 Qg5+ 49. Ke2 Qh5+ 50. Kd2 Qg5+ 1/2-1/2

[Event "4. Kesarovski-Georgiev Memorial"]
[Site "Sunny Beach BUL"]
[Date "2005.09.21"]
[Round "6.13"]
[White "Dimitrov, Pavel"]
[Black "Grigorov, Grigor"]
[Result "1-0"]
[WhiteElo "2161"]
[BlackElo "2400"]
[PlyCount "103"]
[EventDate "2005.09.16"]
[EventType "swiss"]
[EventRounds "9"]
[EventCountry "BUL"]
[Source "lmi"]
[SourceDate "2005.09.25"]

1. e4 c5 2. Nf3 Nc6 3. d4 cxd4 4. Nxd4 Nf6 5. Nc3 e6 6. Ndb5 Bb4 7. a3 Bxc3+ 8.
Nxc3 d5 9. exd5 exd5 10. Bd3 O-O 11. O-O d4 12. Ne4 Bf5 13. Bg5 Bxe4 14. Bxe4
h6 15. Bh4 g5 16. Bxc6 bxc6 17. Bg3 Qd5 18. Re1 Rfe8 19. Qd3 Ne4 20. Rad1 Rad8
21. Re2 Re6 22. Rde1 Rde8 23. f3 Nc5 24. Rxe6 Rxe6 25. Qd2 Rxe1+ 26. Qxe1 Ne6
27. Qe5 Qa2 28. Qb8+ Kg7 29. Qe5+ f6 30. Qe4 c5 31. h4 h5 32. b3 Nf4 33. hxg5
fxg5 34. Qe7+ Kg6 35. Bxf4 Qa1+ 36. Kh2 gxf4 37. Qd6+ Kg5 38. Qxc5+ Kg6 39.
Qd6+ Kf5 40. Qd7+ Ke5 41. Qxa7 Qd1 42. Qe7+ Kd5 43. Qe4+ Kc5 44. Qxf4 h4 45.
Qf5+ Kd6 46. Qd3 Qa1 47. a4 Kc5 48. a5 Kc6 49. Qa6+ Kd5 50. Qb7+ Kc5 51. a6 Qe1
52. Qc7+ 1-0

[Event "4. Kesarovski-Georgiev Memorial"]
[Site "Sunny Beach BUL"]
[Date "2005.09.21"]
[Round "6.14"]
[White "Kolev, Ivan"]
[Black "Kozhuharov, Spas"]
[Result "0-1"]
[WhiteElo "2162"]
[BlackElo "2391"]
[PlyCount "122"]
[EventDate "2005.09.16"]
[EventType "swiss"]
[EventRounds "9"]
[EventCountry "BUL"]
[Source "lmi"]
[SourceDate "2005.09.25"]

1. e4 d5 2. Nc3 dxe4 3. Nxe4 c6 4. Nf3 Bg4 5. Bc4 e6 6. h3 Bh5 7. d3 Nf6 8. Ng3
Bg6 9. Qe2 Nbd7 10. Bd2 Be7 11. Bb3 Nc5 12. Ne5 a5 13. Rd1 Nfd7 14. Nxg6 hxg6
15. d4 Nxb3 16. axb3 a4 17. bxa4 Rxa4 18. Bc3 Nf6 19. Qd3 Qd5 20. O-O O-O 21.
b3 Ra2 22. Ra1 Rfa8 23. Rxa2 Rxa2 24. Bd2 c5 25. Be3 cxd4 26. Bxd4 e5 27. Bc3
Qxd3 28. cxd3 Nd7 29. d4 Rc2 30. Ba1 exd4 31. Bxd4 Nc5 32. Re1 Ne6 33. Be5 Bc5
34. Re2 Rc1+ 35. Kh2 Rb1 36. Rb2 Rxb2 37. Bxb2 Bxf2 38. Ne4 Bb6 39. g3 Bc7 40.
Kg2 f5 41. Nf2 Kf7 42. Nd3 Ke7 43. Kf3 Kd6 44. Bc3 Kc6 45. g4 Bd6 46. h4 Kd5
47. gxf5 gxf5 48. h5 b5 49. Ke2 Nd4+ 50. Kf1 Ke4 51. Nf2+ Ke3 52. Nh3 b4 53.
Bb2 Ne6 54. Nf2 Kd2 55. Ba1 Kc2 56. Ke1 Kxb3 57. Nd3 Kc2 58. Ke2 Nf4+ 59. Ke3
Nxd3 60. Bxg7 b3 61. h6 Bf4+ 0-1

[Event "4. Kesarovski-Georgiev Memorial"]
[Site "Sunny Beach BUL"]
[Date "2005.09.21"]
[Round "6.15"]
[White "Panajotov, Janko"]
[Black "Milchev, Nikolay"]
[Result "0-1"]
[WhiteElo "2302"]
[BlackElo "2182"]
[PlyCount "110"]
[EventDate "2005.09.16"]
[EventType "swiss"]
[EventRounds "9"]
[EventCountry "BUL"]
[Source "lmi"]
[SourceDate "2005.09.25"]

1. e4 e5 2. Nf3 Nf6 3. Nc3 Bb4 4. Nxe5 O-O 5. Nf3 Nxe4 6. Nxe4 Re8 7. c3 Rxe4+
8. Be2 Bf8 9. O-O d5 10. d4 Bg4 11. h3 Bh5 12. Bg5 f6 13. Be3 Re8 14. Qb3 b6
15. Rfe1 c6 16. c4 Bf7 17. Rac1 Kh8 18. Bf4 Bd6 19. Bxd6 Qxd6 20. c5 Qc7 21.
Bd3 Rxe1+ 22. Rxe1 Kg8 23. Qc2 g6 24. b4 b5 25. a4 a6 26. Qa2 Ra7 27. Ra1 Rb7
28. axb5 axb5 29. Qa8 Kg7 30. g3 Nd7 31. Ra6 Nb8 32. Ra1 Nd7 33. Qa5 Nf8 34.
Qxc7 Rxc7 35. Ra6 Be6 36. Kg2 Bc8 37. Ra8 Ne6 38. h4 Kf7 39. Kf1 Ng7 40. Nd2
Bf5 41. Be2 Ne6 42. g4 Bc2 43. Ra2 Nxd4 44. g5 Re7 45. Bg4 f5 46. Bf3 Bd3+ 47.
Kg2 Be4 48. Bxe4 dxe4 49. Nf1 f4 50. Rd2 Nf5 51. Kh3 e3 52. fxe3 fxe3 53. Re2
Re4 54. Kg2 Rg4+ 55. Kf3 Rxb4 0-1

[Event "4. Kesarovski-Georgiev Memorial"]
[Site "Sunny Beach BUL"]
[Date "2005.09.21"]
[Round "6.16"]
[White "Vladimirov, Vladimir"]
[Black "Jordanova, Svetla"]
[Result "1/2-1/2"]
[WhiteElo "2267"]
[BlackElo "2179"]
[PlyCount "105"]
[EventDate "2005.09.16"]
[EventType "swiss"]
[EventRounds "9"]
[EventCountry "BUL"]
[Source "lmi"]
[SourceDate "2005.09.25"]

1. g3 c5 2. Bg2 Nc6 3. e4 g6 4. f4 Bg7 5. Nf3 e6 6. O-O Nge7 7. d3 d6 8. c3 O-O
9. Be3 Rb8 10. Nbd2 b5 11. a3 a5 12. Qc2 Bd7 13. h3 b4 14. axb4 axb4 15. Kh2
bxc3 16. bxc3 Qc7 17. Nc4 d5 18. Nce5 Nxe5 19. Nxe5 dxe4 20. dxe4 Rfd8 21. Rfd1
Be8 22. Qf2 Rxd1 23. Rxd1 Rc8 24. Nc4 Ba4 25. Rc1 Bb5 26. Nd2 Bd3 27. Nb3 c4
28. Nc5 Qa5 29. Bd4 Bxd4 30. cxd4 Qa3 31. Qd2 Nc6 32. Rc3 Qa7 33. Nxd3 Qxd4 34.
Qc2 cxd3 35. Rxd3 Qb6 36. Rc3 Qa6 37. f5 Na7 38. Rc7 Rxc7 39. Qxc7 exf5 40.
exf5 gxf5 41. Qc5 Nc8 42. Qxf5 Ne7 43. Qg5+ Ng6 44. h4 f6 45. Qg4 Kf8 46. h5
Ne7 47. Qe4 f5 48. Qe5 Qh6 49. Bf3 Kf7 50. Kh3 Qf6 51. Bd5+ Nxd5 52. Qxd5+ Kg7
53. Qd2 1/2-1/2

[Event "4. Kesarovski-Georgiev Memorial"]
[Site "Sunny Beach BUL"]
[Date "2005.09.21"]
[Round "6.17"]
[White "Nikolova, Adriana"]
[Black "Jordanov, Nikolay"]
[Result "0-1"]
[WhiteElo "2035"]
[BlackElo "2257"]
[PlyCount "68"]
[EventDate "2005.09.16"]
[EventType "swiss"]
[EventRounds "9"]
[EventCountry "BUL"]
[Source "lmi"]
[SourceDate "2005.09.25"]

1. e4 d5 2. exd5 Nf6 3. Bb5+ Bd7 4. Be2 Nxd5 5. d4 Nb6 6. c4 Nc6 7. Be3 e5 8.
d5 Ne7 9. Bc5 Na4 10. Ba3 Ng6 11. Bxf8 Rxf8 12. b3 Nc5 13. b4 Na4 14. c5 Qh4
15. a3 O-O-O 16. Qb3 Qd4 17. Ra2 Bf5 18. Qxa4 Bxb1 19. Rd2 Qc3 20. Bg4+ f5 21.
Ne2 Qc4 22. O-O Bd3 23. Bh5 Nh4 24. Rc1 Qe4 25. Bf3 Nxf3+ 26. gxf3 Qxf3 27.
Qxa7 Be4 28. Qa8+ Kd7 29. c6+ Kd6 30. Kf1 Qg2+ 31. Ke1 Qh1+ 32. Ng1 Qxg1+ 33.
Ke2 Qg4+ 34. Kf1 Rxa8 0-1

[Event "4. Kesarovski-Georgiev Memorial"]
[Site "Sunny Beach BUL"]
[Date "2005.09.21"]
[Round "6.18"]
[White "Dimitrov, Radoslav"]
[Black "Bonev, Todor"]
[Result "1-0"]
[WhiteElo "2099"]
[BlackElo "2234"]
[PlyCount "107"]
[EventDate "2005.09.16"]
[EventType "swiss"]
[EventRounds "9"]
[EventCountry "BUL"]
[Source "lmi"]
[SourceDate "2005.09.25"]

1. c4 Nf6 2. Nc3 e5 3. g3 c6 4. e3 d5 5. b3 Bc5 6. Bg2 Bf5 7. Nge2 Bd3 8. cxd5
cxd5 9. b4 Bb6 10. Bb2 Nc6 11. a3 e4 12. Na4 O-O 13. O-O Ng4 14. Nxb6 Qxb6 15.
Nf4 Nge5 16. Nxd3 Nxd3 17. Bc3 f5 18. b5 Ne7 19. a4 Rad8 20. Qb3 g5 21. Bd4 Qg6
22. f4 h5 23. Qa3 Rf7 24. Rac1 Nxc1 25. Rxc1 Nc8 26. Rc5 g4 27. a5 Qe6 28. Qc3
Nd6 29. Bf1 Rc8 30. Kf2 Qd7 31. Qb4 Rxc5 32. Qxc5 Nc8 33. Bc3 Rh7 34. Qd4 Qe6
35. h4 b6 36. Be2 Kf7 37. Bd1 Ke8 38. Bb3 Ne7 39. Qa4 Nc8 40. Bd4 Rc7 41. Qa2
Ne7 42. axb6 axb6 43. Qa8+ Qc8 44. Qa2 Qb7 45. Qa3 Nc8 46. Qb4 Rd7 47. Bc3 Kd8
48. Qf8+ Kc7 49. Be5+ Nd6 50. Qxf5 d4 51. Be6 dxe3+ 52. dxe3 Rd8 53. Qf6 Kb8
54. Qxd8+ 1-0

[Event "4. Kesarovski-Georgiev Memorial"]
[Site "Sunny Beach BUL"]
[Date "2005.09.21"]
[Round "6.19"]
[White "Karakehajov, Kalin"]
[Black "Asparuhov, Parvan"]
[Result "1-0"]
[WhiteElo "2385"]
[BlackElo "2141"]
[PlyCount "109"]
[EventDate "2005.09.16"]
[EventType "swiss"]
[EventRounds "9"]
[EventCountry "BUL"]
[Source "lmi"]
[SourceDate "2005.09.25"]

1. d4 d5 2. c4 Bf5 3. Nc3 e6 4. Bf4 c6 5. e3 Nd7 6. Nf3 Be7 7. h3 h6 8. Qb3 Qb6
9. c5 Qxb3 10. axb3 a6 11. b4 Rc8 12. Nd2 Ngf6 13. Nb3 Bd8 14. Na5 Bxa5 15.
bxa5 O-O 16. Bd6 Rfe8 17. f3 e5 18. Kd2 exd4 19. exd4 Re6 20. g4 Bh7 21. Bg3
Ne8 22. Ra3 Nc7 23. Rb3 Nb5 24. Nxb5 axb5 25. Ra3 Nb8 26. Rh2 Na6 27. Re2 Rce8
28. Rxe6 Rxe6 29. Rb3 f6 30. Bxb5 cxb5 31. Rxb5 Bg6 32. Rxb7 Bb1 33. Bd6 Ba2
34. b3 Re8 35. Rb6 Ra8 36. c6 Kf7 37. c7 Nxc7 38. Bxc7 Rxa5 39. Rb7 Ra6 40.
Bb6+ Kg6 41. Kc2 Kg5 42. Rxg7+ Kf4 43. Kb2 Rxb6 44. Kxa2 Kxf3 45. Rg6 Ke4 46.
Rxh6 Kxd4 47. g5 Rb8 48. Rxf6 Ke5 49. Rf1 d4 50. g6 d3 51. Kb2 Kd4 52. h4 Ke3
53. h5 d2 54. g7 Ke2 55. Rh1 1-0

[Event "4. Kesarovski-Georgiev Memorial"]
[Site "Sunny Beach BUL"]
[Date "2005.09.21"]
[Round "6.20"]
[White "Ljangov, Petar"]
[Black "Panbukchian, Valentin"]
[Result "1/2-1/2"]
[WhiteElo "2140"]
[BlackElo "2339"]
[PlyCount "123"]
[EventDate "2005.09.16"]
[EventType "swiss"]
[EventRounds "9"]
[EventCountry "BUL"]
[Source "lmi"]
[SourceDate "2005.09.25"]

1. c4 e5 2. d3 Nc6 3. Nf3 d6 4. g3 g6 5. Bg2 Bg7 6. O-O h6 7. Nc3 Be6 8. Rb1
Qd7 9. b4 Nf6 10. b5 Nd8 11. a4 O-O 12. Ba3 Nh5 13. Nd2 Bh3 14. e3 Bxg2 15.
Kxg2 Ne6 16. Nf3 Kh7 17. Ne2 Rfe8 18. d4 e4 19. Nfg1 a6 20. d5 Nc5 21. Bxc5
dxc5 22. b6 c6 23. dxc6 Qxc6 24. Qb3 Rad8 25. Rfd1 Rd3 26. Qc2 Red8 27. Kf1 Nf6
28. Nf4 Rxd1+ 29. Rxd1 Rxd1+ 30. Qxd1 Qxb6 31. Nd5 Qe6 32. Nxf6+ Bxf6 33. Qb3
g5 34. Kg2 Kg7 35. h3 h5 36. Ne2 Qd7 37. Qc2 Qd3 38. Qa2 Be5 39. Nc1 Qd1 40.
Ne2 Kg6 41. Ng1 Qc1 42. Ne2 Qb2 43. Qxb2 Bxb2 44. g4 h4 45. f3 f5 46. fxe4 fxg4
47. hxg4 Kf6 48. Ng1 b5 49. cxb5 axb5 50. axb5 c4 51. Nf3 Ke7 52. e5 Kd7 53.
e6+ Kxe6 54. Nxg5+ Kd5 55. Nf3 Bc1 56. Nxh4 c3 57. Nf3 Bd2 58. Nd4 Bxe3 59. Nc2
Bd2 60. Kf3 Kc5 61. Ke2 Kxb5 62. Kd1 1/2-1/2

[Event "4. Kesarovski-Georgiev Memorial"]
[Site "Sunny Beach BUL"]
[Date "2005.09.21"]
[Round "6.22"]
[White "Angelov, Kosta"]
[Black "Nikolov, Jordan"]
[Result "1-0"]
[WhiteElo "2232"]
[BlackElo "2102"]
[PlyCount "55"]
[EventDate "2005.09.16"]
[EventType "swiss"]
[EventRounds "9"]
[EventCountry "BUL"]
[Source "lmi"]
[SourceDate "2005.09.25"]

1. e4 e5 2. Nc3 Nf6 3. f4 d5 4. fxe5 Nxe4 5. d3 Nxc3 6. bxc3 Be7 7. Nf3 c5 8.
Be2 O-O 9. O-O Nc6 10. Bf4 Bg4 11. Qe1 Bh5 12. Qg3 Qd7 13. h3 f6 14. Rae1 Bf7
15. Bd1 fxe5 16. Nxe5 Nxe5 17. Bxe5 Bg6 18. h4 Rxf1+ 19. Rxf1 Bf8 20. h5 Bf5
21. Qg5 Be6 22. h6 Re8 23. Bh5 Rc8 24. Bxg7 Bxg7 25. Bf7+ Qxf7 26. Rxf7 Kxf7
27. Qxg7+ Ke8 28. Qxh7 1-0

[Event "4. Kesarovski-Georgiev Memorial"]
[Site "Sunny Beach BUL"]
[Date "2005.09.21"]
[Round "6.23"]
[White "Angelov, Angel"]
[Black "Angelov, Zvetomir"]
[Result "1-0"]
[WhiteElo "2222"]
[BlackElo "2098"]
[PlyCount "61"]
[EventDate "2005.09.16"]
[EventType "swiss"]
[EventRounds "9"]
[EventCountry "BUL"]
[Source "lmi"]
[SourceDate "2005.09.25"]

1. e4 c5 2. Nf3 d6 3. d4 cxd4 4. Nxd4 Nf6 5. Bd3 e5 6. Nb3 Be7 7. c4 Bg4 8. f3
Be6 9. Be3 Nc6 10. Nc3 Nb4 11. Nd5 Nxd3+ 12. Qxd3 Nxd5 13. cxd5 Bd7 14. O-O O-O
15. Rfc1 a5 16. Rc2 a4 17. Nd2 Qa5 18. Rac1 Rfc8 19. Nc4 Qa6 20. Qa3 Bb5 21.
Nxe5 Rxc2 22. Rxc2 h5 23. Qb4 a3 24. b3 Bd3 25. Rc1 dxe5 26. Qxe7 Bc2 27. Rxc2
Qd3 28. Qc5 h4 29. Kf2 Kh7 30. Qc4 Qxc4 31. Rxc4 1-0

[Event "4. Kesarovski-Georgiev Memorial"]
[Site "Sunny Beach BUL"]
[Date "2005.09.21"]
[Round "6.24"]
[White "Sotirov, Nikolaj"]
[Black "Kacakovski, Dimitar"]
[Result "0-1"]
[WhiteElo "2140"]
[BlackElo "2213"]
[PlyCount "87"]
[EventDate "2005.09.16"]
[EventType "swiss"]
[EventRounds "9"]
[EventCountry "BUL"]
[Source "lmi"]
[SourceDate "2005.09.25"]

1. e4 c5 2. c3 d5 3. exd5 Qxd5 4. d4 Nf6 5. Nf3 Bg4 6. Be2 e6 7. h3 Bh5 8. O-O
Be7 9. c4 Qd8 10. Nc3 cxd4 11. Nxd4 Bxe2 12. Ndxe2 Nc6 13. Be3 O-O 14. Qa4 Nd7
15. Rfd1 Qc8 16. Ne4 Nb6 17. Qb5 Nb4 18. Bxb6 axb6 19. a3 Na6 20. N2c3 f5 21.
Nd6 Qc7 22. Qe5 Rf6 23. Ncb5 Qc6 24. Rd3 Nc5 25. Rg3 Nd7 26. Qf4 e5 27. Qg5 Rf7
28. Qh6 f4 29. Qe6 Raf8 30. Rf3 Bf6 31. Na7 Nc5 32. Qxf7+ Rxf7 33. Nxc6 Rd7 34.
Nb4 Rxd6 35. Nd5 Bg5 36. b4 Ne6 37. Rd3 Nd4 38. Kf1 b5 39. Rxd4 exd4 40. Rd1
bxc4 41. Rxd4 c3 42. Ke2 f3+ 43. Kxf3 c2 44. Rc4 0-1